000 00564nam a2200193 i 4500
001 58773
003 ES-MaACL
005 20230906163901.0
007 t|
008 031024s1973 sp ||||1| spa d
100 1 _aDuttler, A.
_946362
245 1 0 _aAdelgazar si, pero ¿cómo? /
_cA. Duttler ; [traducido por Walter Dörr y Luis F. Villanueva].
250 _a2ª ed.
260 _aMadrid :
_bE. M.,
_c1973.
300 _a136 p. ;
_c19 cm.
700 1 _aDörr, Walter.
_945424
700 1 _aVillanueva, Luis F.
_9115027
852 _aES-MaACL
_jC-52855
_bR.86261
999 _c58773
_d58773